• 首页
  • 本馆介绍
  • 公告通知
  • 最新文献
  • 馆藏检索
  • 电子资源
  • 读者导购
  • 参考咨询
  • 我的图书馆
  • 登录
  • 详细信息显示
  • 放入我的书架
  • 预约/预借图书
  • 作者相关作品
  • 分类相关作品
  • 丛书相关作品
  • 出版社相关作品

书目信息

  • 表格格式
  • 工作单格式
  • 卡片格式
题名:
金属氢化物热力学与动力学
    
 
作者: 李谦 , 罗群 编著
分册:  
出版信息: 上海   上海大学出版社  2021.12
页数: 172页
开本: 24cm
丛书名:
单 册:
中图分类: O613.2
科图分类:
主题词: 金属--jin shu--氢化物--热力学--研究 , 金属--jin shu--氢化物--动力学--研究
电子资源:
ISBN: 978-7-5671-4401-9
000 01240nam0 2200265 450
001 CAL 0120227349514
005 20230217093113.0
010    @a978-7-5671-4401-9@dCNY58.00
100    @a20220305d2021 em y0chiy0120 ea
101 0  @achi
102    @aCN@b310000
105    @aa a 000yy
106    @ar
200 1  @a金属氢化物热力学与动力学@Ajin shu qing hua wu re li xue yu dong li xue@f李谦, 罗群编著
210    @a上海@c上海大学出版社@d2021.12
215    @a172页@c图@d24cm
320    @a有书目
330    @a本书共有5章, 第1章主要介绍氢在金属中的存在状态和氢化物的结构与热力学稳定性。第2章重点介绍一些基本的吸放氢反应动力学模型, 讨论这些模型的一般性分析方法及应用。第3章对储氢合金进行分类和性能改性研究, 针对几种典型的储氢合金的热力学性质和动力学性能调控进行介绍。第4章主要介绍金属氢化物的制备方法、原理、工艺流程和注意事项, 以说明制备方法对合金储氢性能的影响。第5章针对储氢合金及其金属氢化物在镍氢电池、气固态储氢、催化剂和传感器等其他新兴领域的应用现状及前景进行介绍。
606 0  @a金属@Ajin shu@x氢化物@x热力学@x研究
606 0  @a金属@Ajin shu@x氢化物@x动力学@x研究
690    @aO613.2@v5
701  0 @a李谦@Ali qian@4编著
701  0 @a罗群@Aluo qun@4编著
801  0 @aCN@bBJXHZP@c20230228
905    @b1404641-4@dO613.2@e12@f4
    
    金属氢化物热力学与动力学/李谦, 罗群编著.-上海:上海大学出版社,2021.12
    172页:图;24cm
    
    
    ISBN 978-7-5671-4401-9:CNY58.00
    本书共有5章, 第1章主要介绍氢在金属中的存在状态和氢化物的结构与热力学稳定性。第2章重点介绍一些基本的吸放氢反应动力学模型, 讨论这些模型的一般性分析方法及应用。第3章对储氢合金进行分类和性能改性研究, 针对几种典型的储氢合金的热力学性质和动力学性能调控进行介绍。第4章主要介绍金属氢化物的制备方法、原理、工艺流程和注意事项, 以说明制备方法对合金储氢性能的影响。第5章针对储氢合金及其金属氢化物在镍氢电池、气固态储氢、催化剂和传感器等其他新兴领域的应用现状及前景进行介绍。
●
相关链接 在E读中查询图书 在五车中查询图书 在当当中查询图书 在豆瓣中查询图书


正题名:金属氢化物热力学与动力学     索取号:O613.2/12         预约/预借

序号 登录号 条形码 馆藏地/架位号 状态 备注
1 1404641   214046414   第二样本阅览室/ [索取号:O613.2/12] 在馆    
2 1404642   214046423   第三借阅区/ [索取号:O613.2/12] 在馆    
3 1404643   214046432   第三借阅区/ [索取号:O613.2/12] 在馆    
4 1404644   214046441   第三借阅区/ [索取号:O613.2/12] 在馆    
唐山师范学院图书馆 欢迎您!
大连网信软件有限公司© 版权所有